000 01177nam a2200337 i 4500
001 192997
003 SpMaBN
005 20240803092933.0
007 ta
008 230720s2020 sp | |||| 000 p spa
017 _aAB 330-2020
_bOficina Depósito Legal Albacete
020 _a9788418438004
035 _aa6744009
040 _aSpMaBN
_bspa
_cSpMaBN
_erda
_dES-MaACL
080 _a821.134.2-14"19"
100 _aPerles Navarro, María
_9233771
245 1 0 _aFragmentaria /
_cNadir A.
264 1 _a[Albacete] :
_bUno Editorial,
_c[2020]
264 4 _c©2020
300 _a103 páginas ;
_c19 cm
336 _aTexto
_2rdacontent
337 _asin mediación
_2rdamedia
338 _avolumen
_2rdacarrier
655 7 _aPoesías
_2tgfbne
_9176539
655 7 _aPoemas en prosa
_2tgfbne
_9226859
852 _aES-MaACL
_bR.153554
_9200301
_jN-9050
_cDEPOJ
_gFirmado y dedicado por la autora
_hDonación: María Perles (pseudónimo: Nadir A.)
_xRústica con solapas
942 _n0
_cMONOGRAFIA
999 _c192997
_d192997